Factors Affecting the Form and Content of Audit Documentation, Audit Documentation and its Software Representation in Particular Audit Company

Audítorská dokumentácia o priebehu štatutárneho auditu sa musí viesť podľa medzinárodných audítorských štandardov. Súčasťou dokumentácie sú zmluva o audite, správa audítora, plán a program štatutárneho auditu, individuálna alebo konsolidovaná účtovná závierka, výročná alebo konsolidovaná výročná spr...

Full description

Saved in:
Bibliographic Details
Main Author: Baloghová, Nikoleta, 1991-
Other Authors: Kareš, Ladislav
Format: Book Chapter
Language:Slovak
Subjects:
Tags: Add Tag
No Tags, Be the first to tag this record!

MARC

LEADER 00000naa$a2200000$$$4500
001 0258538
005 20240502074107.0
041 0 |a slo 
044 |a SK 
245 1 0 |a Factors Affecting the Form and Content of Audit Documentation, Audit Documentation and its Software Representation in Particular Audit Company  |c Nikoleta Baloghová, Ladislav Kareš 
520 |a Audítorská dokumentácia o priebehu štatutárneho auditu sa musí viesť podľa medzinárodných audítorských štandardov. Súčasťou dokumentácie sú zmluva o audite, správa audítora, plán a program štatutárneho auditu, individuálna alebo konsolidovaná účtovná závierka, výročná alebo konsolidovaná výročná správa. Testovanie položiek v účtovnej závierke ako podklad pre audítorskú dokumentáciu. 
610 2 0 |a audit 
610 2 0 |a audítori 
610 2 0 |a dokumentácia 
610 2 0 |a softvér 
100 1 |a Baloghová, Nikoleta, 1991- 
700 1 |a Kareš, Ladislav